| 000 | 01077nam a2200217Ia 4500 | ||
|---|---|---|---|
| 001 | 19871 | ||
| 003 | GE_BSU | ||
| 008 | 181216s||||||||xx |||||||||||||| ||und|| | ||
| 040 | _cGE_BSU | ||
| 080 | _a02 | ||
| 245 | _aISBD(A) უძველესი წიგნების (ანტიკვარული წიგნების) საერთაშორისო სტანდარტული ბიბლიოგრაფიული აღწერილობა | ||
| 245 | _cრედ. მარი ფრანს პლასარი კ. გ. საური | ||
| 260 | _aთბილისი | ||
| 260 | _c1991 | ||
| 300 | _a83გვ. | ||
| 541 | _h4ლ.10თ. | ||
| 653 | _aISBD(A) უძველესი წიგნების (ანტიკვარული წიგნების) საერთაშორისო სტანდარტული ბიბლიოგრაფიული აღწერილობა | ||
| 653 | _aბიბლიოთეკარი | ||
| 653 | _aქსეროქსი | ||
| 942 | _cBK | ||
| 999 |
_c52841 _d52841 |
||